| 000 | 01586nam a2200121Ia 4500 | ||
|---|---|---|---|
| 008 | 220620s9999||||xx |||||||||||||| ||und|| | ||
| 100 | _aMassaro, Matteo||Boschetti, Giovanni||Doria, Alberto | ||
| 245 | 0 | _aAdvances in Mechanical Systems Dynamics | |
| 546 | _aEnglish[eng] | ||
| 650 | _an/a||pitch angle||Method of Multiple Time-Scales||lumped parameters model||simulation||dynamical characteristic||dynamics||unsteady flow control||driving mechanism||damper force||optimization||relative displacement||bladed disc’s rotation||energy efficiency||ground-based laser communication turntable||landing gear||quasi-sliding mode domain (QSMD)||variable compression ratio||dynamic characteristics||inner wheel lifting||trot gait||vortex dynamics||emergency extension||natural dynamics||high-speed locomotion||under-platform damper||reliability sensitivity analysis||seeder dynamics||natural motion||Detached-Eddy Simulation||sliding mode control (SMC)||obstacle avoidance||active tilting||robotic system||switched reluctance motor||cyclic-symmetric systems dynamics||low-speed stability||vibration prediction||mesh stiffness||compositive motion||mixture of models||leg trajectory planning||trajectory planning||motorcycle dynamics||multi-physics modelling||reaching law||rider control||energy saving||quadruped robots||separation flow||balancing||personal mobility vehicle||chatter-free||time-variant parameters||simulation model||mathematical model||forced response||motion capture sensor||adjustable hydraulic volume | ||
| 856 | _uhttps://mdpi.com/books/pdfview/book/2025 | ||
| 942 | _cEB | ||
| 999 |
_c24340 _d24340 |
||